000 00462nam a22001697a 4500
003 OSt
005 20201015135652.0
008 201015b ||||| |||| 00| 0 eng d
040 _aDO-SdBNP
_bspa
_cBNPHU
082 _bF362v
100 _aFernàndez, Leonardo
_976919
245 _aVuelo bajo la lluvia /
_cLeonardo Fernàndez
260 _a[s. l] :
_b[s. n],
_c1997
590 _aInventariado, 2020 / DG
910 _aInventariado, 2020 / DG
942 _2ddc
_cLBS1
999 _c48893
_d48893